Šesť princípov metódy Six Sigma
Pojem metóda Six Sigma. Hlavné princípy metódy Six Sigma. Trendy súvisiace s metódou Six Sigma.
Na minha lista:
| Autor principal: | |
|---|---|
| Formato: | Capítulo de Livro |
| Idioma: | eslovaco |
| Assuntos: | |
| Tags: |
Sem tags, seja o primeiro a adicionar uma tag!
|
MARC
| LEADER | 00000naa a2200000 4500 | ||
|---|---|---|---|
| 001 | 0124336 | ||
| 005 | 20240502072414.5 | ||
| 041 | 0 | |a slo | |
| 044 | |a SK | ||
| 245 | 1 | 0 | |a Šesť princípov metódy Six Sigma |c Miriam Kasanická |
| 520 | |a Pojem metóda Six Sigma. Hlavné princípy metódy Six Sigma. Trendy súvisiace s metódou Six Sigma. | ||
| 610 | 2 | 0 | |a riadenie kvality |
| 610 | 2 | 0 | |a riadenie podnikové |
| 610 | 2 | 0 | |a efektívnosť ekonomická |
| 610 | 2 | 0 | |a konkurencieschopnosť |
| 610 | 2 | 0 | |a výkonnosť |
| 610 | 2 | 0 | |a výkony podnikové |
| 610 | 2 | 0 | |a spokojnosť zákazníkov |
| 100 | 1 | |a Kasanická, Miriam | |